SIPRI Yearbook 2004 : (Record no. 616564)

MARC details
000 -LEADER
fixed length control field 00532nam a2200193 a 4500
008 - FIXED-LENGTH DATA ELEMENTS--GENERAL INFORMATION
fixed length control field 260302s2004##################000#0#eng##
020 ## - INTERNATIONAL STANDARD BOOK NUMBER
ISBN 9780199274208
082 04 - DEWEY DECIMAL CLASSIFICATION NUMBER
Classification number 327.174
Item number STO
100 1# - MAIN ENTRY--AUTHOR NAME
Personal name Institute, Stockholm International Peace Research,
245 10 - TITLE STATEMENT
Title SIPRI Yearbook 2004 :
260 ## - PUBLICATION, DISTRIBUTION, ETC. (IMPRINT)
Name of publisher SIPRI Yearbook,
Year of publication 2004.
300 ## - PHYSICAL DESCRIPTION
Number of Pages 800 pages
650 #0 - SUBJECT ADDED ENTRY--TOPICAL TERM
Topical Term Political Science.
942 ## - ADDED ENTRY ELEMENTS (KOHA)
Koha item type English Books
Holdings
Withdrawn status Lost status Damaged status Not for loan Home library Current library Shelving location Date acquired Full call number Accession Number Price effective from Koha item type
        Anna Centenary Library Anna Centenary Library 3RD FLOOR, B WING 02.03.2026 327.174 STO 190303 02.03.2026 English Books

Find us on the map